000 00377nam a2200133Ia 4500
008 151001s9999||||xx |||||||||||||| ||und||
100 _aकुहेली भट्टाचार्य
245 _aपरिचित अपरिचित चेहरे
250 _a1
260 _bजान्हवी
260 _c२०११
300 _a75
365 _b24
999 _c1000641
_d1000638